[Event "SLO-chT Central 1st League"]
[Site "Slovenija"]
[Date "2006.10.12"]
[Round "5"]
[White "Ivacic, Vladimir"]
[Black "Krumpak, Hinko"]
[Result "1/2-1/2"]
[WhiteElo "2224"]
[BlackElo "2139"]
[PlyCount "133"]
[EventDate "2006.09.14"]
[EventType "team-tourn"]
[EventRounds "9"]
[EventCountry "SLO"]
[SourceTitle "EXT 2022"]
[Source "ChessBase"]
[SourceDate "2021.10.06"]
[SourceVersion "1"]
[SourceVersionDate "2021.10.06"]
[SourceQuality "1"]
[WhiteTeam "Sahara Dogs"]
[BlackTeam "Visnja Gora Sticna"]
[WhiteTeamCountry "SLO"]
[BlackTeamCountry "SLO"]

1. c4 Nf6 2. Nc3 g6 3. g3 Bg7 4. Bg2 d6 5. e4 c5 6. Nge2 Nc6 7. 0-0 Be6 8. d3 Qc8 9. Nd5 0-0 10. Nef4 Bg4 11. f3 Bd7 12. Be3 Nxd5 13. cxd5 Bd4 14. Bf2 Bxf2+ 15. Rxf2 Nd4 16. Rc1 a5 17. h4 h6 18. Qd2 Kg7 19. b3 b5 20. Qb2 Kh7 21. Kh2 b4 22. Ne2 Nxe2 23. Rxe2 Qa6 24. Rd2 Rac8 25. f4 f6 26. Re1 Rc7 27. Qc2 Qc8 28. Rde2 Bg4 29. Re3 Rf7 30. Qc4 Kg7 31. Rf1 Qd7 32. Ree1 Rc8 33. e5 fxe5 34. fxe5 Rxf1 35. Rxf1 dxe5 36. Qe4 Rf8 37. Rxf8 Kxf8 38. Qxg6 h5 39. Qh6+ Kf7 40. Qh7+ Kf8 41. Qh8+ Kf7 42. Qxe5 a4 43. Qe3 axb3 44. axb3 Qd6 45. d4 cxd4 46. Qxd4 e5 47. Qa7+ Qe7 48. Qb6 e4 49. d6 Qe5 50. Qb7+ Kf6 51. d7 Qd4 52. Qxe4 Qxe4 53. d8Q+ Qe7 54. Qd4+ Kg6 55. Be4+ Kf7 56. Bd5+ Kg6 57. Qb6+ Kf5 58. Qf2+ Kg6 59. Bc4 Qf6 60. Kg1 Qxf2+ 61. Kxf2 Kf5 62. Ke3 Ke5 63. Be2 Be6 64. Bd1 Bf7 65. Kd3 Kd5 66. g4 hxg4 67. Bxg4 1/2-1/2

[Event "SLO-chT Central 1st League"]
[Site "Slovenija"]
[Date "2006.10.06"]
[Round "4"]
[White "Semrl, Marjan"]
[Black "Ivacic, Vladimir"]
[Result "1/2-1/2"]
[WhiteElo "2190"]
[BlackElo "2224"]
[PlyCount "39"]
[EventDate "2006.09.14"]
[EventType "team-tourn"]
[EventRounds "9"]
[EventCountry "SLO"]
[SourceTitle "EXT 2022"]
[Source "ChessBase"]
[SourceDate "2021.10.06"]
[SourceVersion "1"]
[SourceVersionDate "2021.10.06"]
[SourceQuality "1"]
[WhiteTeam "Domzale Vele"]
[BlackTeam "Sahara Dogs"]
[WhiteTeamCountry "SLO"]
[BlackTeamCountry "SLO"]

1. d4 Nf6 2. Nf3 g6 3. Nc3 d5 4. Bf4 Bg7 5. e3 0-0 6. Be2 Nbd7 7. Ne5 c5 8. 0-0 cxd4 9. exd4 a6 10. a4 e6 11. a5 Nxe5 12. Bxe5 Bd7 13. Na4 Bxa4 14. Rxa4 Rc8 15. Rb4 Qd7 16. c3 Rfe8 17. f3 Re7 18. Qb3 Rc6 19. Re1 Ne8 20. Bd3 1/2-1/2

[Event "SLO-chT"]
[Site "Celje"]
[Date "2003.11.17"]
[Round "2"]
[White "Ivacic, Vladimir"]
[Black "Tratar, Marko"]
[Result "0-1"]
[WhiteElo "2243"]
[BlackElo "2452"]
[PlyCount "92"]
[EventDate "2003.11.17"]
[EventType "team-swiss"]
[EventRounds "9"]
[EventCountry "SLO"]
[SourceTitle "CBM 097 Extra"]
[Source "ChessBase"]
[SourceDate "2004.01.13"]
[SourceVersion "1"]
[SourceVersionDate "2004.01.13"]
[SourceQuality "1"]

1. c4 b6 2. Nc3 Bb7 3. e4 e6 4. Nf3 Bb4 5. d3 Ne7 6. Be2 0-0 7. 0-0 Ng6 8. Be3 Bxc3 9. bxc3 d6 10. Rb1 e5 11. Qd2 Nd7 12. Ne1 f5 13. f3 Qe7 14. Nc2 f4 15. Bf2 c5 16. d4 Bc6 17. Rfd1 Nf6 18. Bf1 Ba4 19. Rdc1 h6 20. Ne1 Nh7 21. Nd3 Rac8 22. Nb2 Bc6 23. Rd1 Rfd8 24. a4 a5 25. Qc2 Ng5 26. dxc5 bxc5 27. Nd3 Nf8 28. Rb6 Qc7 29. Rbb1 Nge6 30. Ra1 Nd7 31. Ra2 Rb8 32. Nb2 Nf6 33. Rd2 Be8 34. Qd1 Rb6 35. Nd3 Rdb8 36. Rab2 Rxb2 37. Rxb2 Rxb2 38. Nxb2 Qb8 39. Qc2 g5 40. Be2 Bc6 41. Bd1 g4 42. Bh4 Ng5 43. Bxg5 hxg5 44. Qb3 Qxb3 45. Bxb3 gxf3 46. gxf3 g4 0-1

[Event "SLO-chT 12th"]
[Site "Bled"]
[Date "2002.11.23"]
[Round "9"]
[White "Podkriznik, Gregor"]
[Black "Ivacic, Vladimir"]
[Result "1-0"]
[WhiteElo "2338"]
[BlackElo "2274"]
[PlyCount "68"]
[EventDate "2002.11.18"]
[EventType "team-tourn"]
[EventRounds "9"]
[EventCountry "SLO"]
[SourceTitle "EXT 2005"]
[Source "ChessBase"]
[SourceDate "2004.11.15"]
[SourceVersion "1"]
[SourceVersionDate "2004.11.15"]
[SourceQuality "1"]
[WhiteTeam "Ptuj"]
[BlackTeam "Grize"]
[WhiteTeamCountry "SLO"]
[BlackTeamCountry "SLO"]

1. Nf3 Nf6 2. c4 c6 3. Nc3 d5 4. d4 g6 5. Bf4 Bg7 6. e3 0-0 7. Qb3 e6 8. Be2 Nbd7 9. 0-0 Qe7 10. h3 b6 11. Rfe1 Bb7 12. cxd5 exd5 13. Rac1 Rac8 14. Qa4 a5 15. a3 Rfe8 16. Ne5 Nxe5 17. Bxe5 Nd7 18. Bxg7 Kxg7 19. Bd3 f5 20. Nb1 Qd6 21. Nd2 Re7 22. Nf3 Rce8 23. Qc2 f4 24. exf4 Qxf4 25. Qc3 Qf6 26. Rxe7+ Rxe7 27. Re1 Rxe1+ 28. Qxe1 Kf8 29. Qe3 c5 30. Bb5 Bc6 31. Ng5 Kg8 32. Bxc6 Qxc6 33. Qe8+ Kg7 34. Qe7+ Kh6 1-0

[Event "SLO-chT 12th"]
[Site "Bled"]
[Date "2002.11.21"]
[Round "5"]
[White "Ivacic, Vladimir"]
[Black "Supancic, Darko"]
[Result "1/2-1/2"]
[WhiteElo "2274"]
[BlackElo "2381"]
[PlyCount "96"]
[EventDate "2002.11.18"]
[EventType "team-tourn"]
[EventRounds "9"]
[EventCountry "SLO"]
[SourceTitle "EXT 2005"]
[Source "ChessBase"]
[SourceDate "2004.11.15"]
[SourceVersion "1"]
[SourceVersionDate "2004.11.15"]
[SourceQuality "1"]
[WhiteTeam "Grize"]
[BlackTeam "Maribor Branik"]
[WhiteTeamCountry "SLO"]
[BlackTeamCountry "SLO"]

1. c4 b6 2. Nc3 Bb7 3. e4 e6 4. g3 Bb4 5. Nge2 f5 6. Bg2 Nf6 7. Qc2 Bxc3 8. Nxc3 c5 9. 0-0 fxe4 10. Nxe4 Nxe4 11. Bxe4 Bxe4 12. Qxe4 Nc6 13. d3 Qf6 14. Rb1 0-0 15. Bd2 Qf5 16. Bc3 d5 17. Qxf5 Rxf5 18. f4 h5 19. Rbe1 Re8 20. a3 a5 21. Re2 Rff8 22. Be5 Rf7 23. Rfe1 Rd7 24. Kg2 Kf7 25. h3 g6 26. Bc3 dxc4 27. dxc4 Rd3 28. g4 hxg4 29. hxg4 Nd4 30. Re3 Rxe3 31. Rxe3 Rd8 32. Rh3 Kf6 33. Rh6 Rd6 34. Kf2 e5 35. Ke3 exf4+ 36. Kxf4 Kg7 37. Rh2 Kf7 38. Ke4 Kf6 39. Rd2 Re6+ 40. Kd5 Re5+ 41. Kd6 Re4 42. b4 axb4 43. axb4 Kg5 44. Kd5 Rxg4 45. bxc5 bxc5 46. Bxd4 Rxd4+ 47. Rxd4 cxd4 48. Kxd4 Kf6 1/2-1/2

[Event "SLO Cup final"]
[Site "Rogla"]
[Date "2002.06.08"]
[Round "3"]
[White "Srebrnic, Vojko"]
[Black "Ivacic, Vladimir"]
[Result "1/2-1/2"]
[WhiteElo "2201"]
[BlackElo "2274"]
[PlyCount "128"]
[EventDate "2002.06.07"]
[EventType "swiss"]
[EventRounds "5"]
[EventCountry "SLO"]
[SourceTitle "EXT 2008"]
[Source "ChessBase"]
[SourceDate "2007.11.25"]
[SourceVersion "1"]
[SourceVersionDate "2007.11.25"]
[SourceQuality "1"]

1. Nf3 Nf6 2. c4 c6 3. g3 g6 4. Bg2 Bg7 5. 0-0 0-0 6. Nc3 d5 7. cxd5 cxd5 8. d4 Ne4 9. Nxe4 dxe4 10. Ne5 Qd5 11. Be3 f6 12. Nd3 f5 13. Nf4 Qf7 14. Qb3 Nc6 15. d5 Na5 16. Qb5 b6 17. f3 e5 18. dxe6 Bxe6 19. Nxe6 Qxe6 20. fxe4 Rae8 21. Rac1 fxe4 22. Rxf8+ Rxf8 23. b3 Qf5 24. Qb4 Re8 25. Qd6 Bf8 26. Qc7 Re7 27. Qb8 Qd7 28. Qc8 Qb5 29. Qc2 Nb7 30. Rd1 Nc5 31. Bxc5 Qxc5+ 32. Qxc5 bxc5 33. Rc1 Re5 34. e3 Bh6 35. Kf2 Rd5 36. Rc2 Re5 37. Rc4 Bf8 38. Bxe4 Bd6 39. Ra4 a5 40. Bd3 Bc7 41. Ke2 Kg7 42. g4 h5 43. h3 Kh6 44. Kf3 Kg5 45. gxh5 gxh5 46. Ba6 Re8 47. Rc4 Bd6 48. Bb5 Re5 49. Bd7 Re7 50. Bc6 Kf6 51. Ke2 Rg7 52. Bf3 Rg5 53. Rh4 Kg6 54. Ra4 Bc7 55. Re4 Kf7 56. Rc4 Bd6 57. Rc1 Ke6 58. h4 Re5 59. Rg1 Be7 60. Rg6+ Kd7 61. Ra6 Bd8 62. Kd3 Bxh4 63. Kc4 Bd8 64. Rh6 h4 1/2-1/2

[Event "SLO-ch"]
[Site "Grize"]
[Date "2001.10.09"]
[Round "9"]
[White "Jelen, Igor"]
[Black "Ivacic, Vladimir"]
[Result "1-0"]
[WhiteElo "2398"]
[BlackElo "2286"]
[PlyCount "61"]
[EventDate "2001.10.01"]
[EventType "swiss"]
[EventRounds "9"]
[EventCountry "SLO"]
[SourceTitle "CBM 084 Extra"]
[Source "ChessBase"]
[SourceDate "2001.10.26"]
[SourceVersion "1"]
[SourceVersionDate "2001.10.26"]
[SourceQuality "1"]

1. c4 c6 2. d4 d5 3. Nf3 Nf6 4. e3 g6 5. Nc3 Bg7 6. Be2 0-0 7. 0-0 Bg4 8. cxd5 Nxd5 9. h3 Bxf3 10. Bxf3 Nb6 11. Qe2 a5 12. Rd1 e6 13. e4 Re8 14. Be3 N8d7 15. d5 Qb8 16. dxe6 Rxe6 17. Bg4 Rd6 18. f4 Rxd1+ 19. Rxd1 Qc7 20. e5 Re8 21. Qc2 f5 22. Bf3 Kh8 23. Nb5 Qb8 24. Nd6 Re7 25. Qc3 a4 26. Qb4 Qc7 27. Nxf5 Re6 28. Nxg7 Kxg7 29. Bg4 c5 30. Qc3 Rc6 31. Bxd7 1-0

[Event "Nova Gorica op 05th"]
[Site "Nova Gorica"]
[Date "2000.02.02"]
[Round "2"]
[White "Ivacic, Vladimir"]
[Black "Chatalbashev, Boris"]
[Result "1/2-1/2"]
[WhiteElo "2257"]
[BlackElo "2522"]
[PlyCount "122"]
[EventDate "2000.02.01"]
[EventType "swiss"]
[EventRounds "9"]
[EventCountry "SLO"]
[SourceTitle "CBM 074 Extra"]
[Source "ChessBase"]
[SourceDate "2000.03.10"]
[SourceVersion "2"]
[SourceVersionDate "2000.03.10"]
[SourceQuality "1"]

1. c4 b6 2. Nc3 Bb7 3. e4 e6 4. Nf3 Bb4 5. Qb3 Na6 6. a3 Nc5 7. Qc2 Bxc3 8. Qxc3 Qf6 9. d3 Qxc3+ 10. bxc3 Ne7 11. Be3 f5 12. Nd2 fxe4 13. Bxc5 bxc5 14. dxe4 Rb8 15. Rb1 Ng6 16. Be2 Ke7 17. f3 Ba6 18. Kf2 Rb6 19. Rxb6 axb6 20. Ke3 Ne5 21. f4 Nc6 22. Ra1 Na5 23. g3 h6 24. h4 d6 25. g4 Nc6 26. Bf3 g5 27. fxg5 hxg5 28. h5 Ne5 29. Be2 Nf7 30. Bf3 e5 31. Be2 Nh6 32. Rg1 Bc8 33. Nf1 Be6 34. Nh2 Ra8 35. Ra1 Ra4 36. Bd1 Ra8 37. Kd3 Rf8 38. Bf3 Rf4 39. Rg1 Kd7 40. Rg2 Kc6 41. Bd1 Kb7 42. Be2 Bd7 43. Ke3 Bc6 44. Bd3 Bd7 45. Be2 Be6 46. Kd3 Ka6 47. Nf3 Nf7 48. Ng1 Ka5 49. Nh3 Rf6 50. Kc2 c6 51. Rf2 Rxf2 52. Nxf2 b5 53. cxb5 cxb5 54. Nd1 b4 55. axb4+ cxb4 56. cxb4+ Kxb4 57. Ne3 Nh6 58. Kd1 Kc5 59. Bf3 Kd4 60. Nc2+ Kc5 61. Ne3 Kd4 1/2-1/2

[Event "SLO-chT1 West"]
[Site "Bled"]
[Date "2000.??.??"]
[Round "?"]
[White "Ivacic, Vladimir"]
[Black "Furlan, Miha"]
[Result "1/2-1/2"]
[WhiteElo "2257"]
[BlackElo "2362"]
[PlyCount "136"]
[EventDate "2000.??.??"]
[EventType "team"]
[EventRounds "7"]
[EventCountry "SLO"]
[SourceTitle "EXT 2002"]
[Source "ChessBase"]
[SourceDate "2001.11.25"]
[SourceVersion "1"]
[SourceVersionDate "2001.11.25"]
[SourceQuality "1"]

1. c4 c6 2. Nf3 d5 3. b3 dxc4 4. bxc4 e5 5. Nc3 Qc7 6. g3 Nf6 7. Bg2 Be7 8. 0-0 0-0 9. d3 Nbd7 10. Qc2 Re8 11. Bb2 Bf8 12. e3 Nb6 13. Nd2 Be6 14. Na4 Nxa4 15. Qxa4 Nd7 16. d4 exd4 17. exd4 Bf5 18. Rfe1 Nb6 19. Qb3 Qd7 20. a4 Rxe1+ 21. Rxe1 Re8 22. Re3 c5 23. a5 Na4 24. Ba1 cxd4 25. Bxd4 Rd8 26. Nf3 Nc5 27. Qb2 Qc7 28. Qa1 h6 29. h3 Be6 30. Bf1 Qc6 31. Ne5 Qd6 32. Bc3 Qd1 33. Re1 Qxa1 34. Rxa1 Ne4 35. Be1 Bc5 36. Kg2 Rc8 37. Rb1 b6 38. axb6 Bxb6 39. Rc1 Nd6 40. Bb4 Ne4 41. Bd3 Nxf2 42. c5 Nxd3 43. Nxd3 Bc7 44. Ra1 Bc4 45. Nf4 a6 46. Rc1 Bb5 47. Kf2 Bc6 48. Ra1 Bb5 49. Nd5 Bd8 50. h4 g6 51. Ke3 f5 52. Kd4 Kf7 53. Ra3 Bf6+ 54. Nxf6 Kxf6 55. Ba5 Re8 56. Bc7 Re1 57. Rc3 Bc6 58. Rd3 Bb5 59. Rc3 Bc6 60. Rd3 Ke6 61. Bf4 h5 62. Kc3 Bd5 63. c6 Re4 64. c7 Rc4+ 65. Kb2 Rc5 66. Ra3 Bb7 67. Rd3 Bd5 68. Ra3 Bb7 1/2-1/2

[Event "SLO-chT1 West"]
[Site "Bled"]
[Date "2000.??.??"]
[Round "?"]
[White "Ivacic, Vladimir"]
[Black "Lazovic, Gordan"]
[Result "1/2-1/2"]
[WhiteElo "2257"]
[BlackElo "2358"]
[PlyCount "74"]
[EventDate "2000.??.??"]
[EventType "team"]
[EventRounds "7"]
[EventCountry "SLO"]
[SourceTitle "EXT 2002"]
[Source "ChessBase"]
[SourceDate "2001.11.25"]
[SourceVersion "1"]
[SourceVersionDate "2001.11.25"]
[SourceQuality "1"]

1. c4 e6 2. g3 d5 3. Nf3 Nf6 4. Bg2 Be7 5. 0-0 0-0 6. b3 c5 7. cxd5 Nxd5 8. Bb2 b6 9. Nc3 Bb7 10. d3 Bf6 11. Qd2 Nd7 12. Rfd1 Nxc3 13. Bxc3 Bxc3 14. Qxc3 Qe7 15. Rac1 Rac8 16. d4 Rfd8 17. Qe3 Nf6 18. dxc5 Rxd1+ 19. Rxd1 Rxc5 20. Qd2 Rc8 21. Ne5 Bxg2 22. Kxg2 Qb7+ 23. f3 Qd5 24. e4 Qxd2+ 25. Rxd2 Kf8 26. g4 h6 27. h4 Rc5 28. Nc4 Ke7 29. Kf2 Nd7 30. Ke2 h5 31. g5 b5 32. Ne3 Ne5 33. f4 Ng6 34. Ng2 Rc1 35. Rd1 Rc2+ 36. Rd2 Rc1 37. Rd1 Rc2+ 1/2-1/2

[Event "Bled Seniors op 21st"]
[Site "Bled"]
[Date "2000.??.??"]
[Round "?"]
[White "Ivacic, Vladimir"]
[Black "Piber, Vinko"]
[Result "1-0"]
[WhiteElo "2257"]
[BlackElo "2020"]
[PlyCount "81"]
[EventDate "2000.03.??"]
[EventType "swiss"]
[EventRounds "9"]
[EventCountry "SLO"]
[SourceTitle "EXT 2001"]
[Source "ChessBase"]
[SourceDate "2000.11.22"]
[SourceVersion "1"]
[SourceVersionDate "2000.11.22"]
[SourceQuality "1"]

1. c4 c5 2. Nc3 Nf6 3. g3 d5 4. cxd5 Nxd5 5. Bg2 Nc7 6. Nf3 Nc6 7. d3 Bd7 8. Nd2 e5 9. Nc4 b5 10. Ne3 Rb8 11. 0-0 Nd4 12. f4 exf4 13. gxf4 Rb6 14. Bd2 Bc6 15. Ne4 f5 16. Ng3 Bxg2 17. Nxg2 g6 18. Rc1 Rc6 19. a4 a6 20. axb5 axb5 21. e3 Nde6 22. Bc3 Bg7 23. Qf3 Qd5 24. e4 Bd4+ 25. Kh1 fxe4 26. dxe4 Qd7 27. f5 Ng5 28. Qf4 Nf7 29. Bxd4 g5 30. Qf2 cxd4 31. Rxc6 Qxc6 32. Qxd4 0-0 33. Nh5 Ne8 34. e5 Qh6 35. Ng3 Nc7 36. e6 Nxe6 37. fxe6 Qxe6 38. Ne4 Rd8 39. Qe3 Qc4 40. Rc1 Qd3 41. Rc7 1-0

[Event "SLO-chT1 West"]
[Site "Bled"]
[Date "2000.??.??"]
[Round "?"]
[White "Ivacic, Vladimir"]
[Black "Raspor, Gregor"]
[Result "1-0"]
[WhiteElo "2257"]
[BlackElo "2125"]
[PlyCount "71"]
[EventDate "2000.??.??"]
[EventType "team"]
[EventRounds "7"]
[EventCountry "SLO"]
[SourceTitle "EXT 2002"]
[Source "ChessBase"]
[SourceDate "2001.11.25"]
[SourceVersion "1"]
[SourceVersionDate "2001.11.25"]
[SourceQuality "1"]

1. c4 e6 2. Nf3 d5 3. g3 Nf6 4. Bg2 Be7 5. b3 0-0 6. Bb2 b6 7. 0-0 Bb7 8. d3 c5 9. e3 Nbd7 10. Nc3 Qc7 11. Qe2 Rad8 12. Rfd1 Rfe8 13. Rac1 dxc4 14. bxc4 a6 15. Ba1 Nb8 16. Rb1 Nc6 17. Na4 Nd7 18. Nxb6 Nxb6 19. Qb2 Bf6 20. Qxb6 Qxb6 21. Rxb6 Bxa1 22. Rxa1 Ba8 23. Ne1 Ne5 24. Bxa8 Rxa8 25. Kf1 Red8 26. Ke2 Kf8 27. Rab1 Ke7 28. f4 Nd7 29. Rb7 Kd6 30. d4 Kc6 31. Nd3 cxd4 32. exd4 f6 33. Ke3 h6 34. f5 exf5 35. d5+ Kd6 36. Kd4 1-0

[Event "Bled op-B"]
[Site "Bled"]
[Date "1999.??.??"]
[Round "?"]
[White "Ivacic, Vladimir"]
[Black "Jovanovic, Zoran"]
[Result "0-1"]
[WhiteElo "2261"]
[BlackElo "2268"]
[PlyCount "62"]
[EventDate "1999.??.??"]
[EventType "swiss"]
[EventRounds "9"]
[EventCountry "SLO"]
[SourceTitle "EXT 2000"]
[Source "ChessBase"]
[SourceDate "1999.11.16"]
[SourceVersion "1"]
[SourceVersionDate "1999.11.16"]
[SourceQuality "1"]

1. c4 e5 2. Nc3 Nc6 3. g3 Bb4 4. Bg2 Bxc3 5. dxc3 d6 6. Nf3 f5 7. 0-0 Nf6 8. Bg5 0-0 9. Qc2 Qe8 10. Rad1 Be6 11. b3 Qh5 12. Bc1 Rae8 13. c5 dxc5 14. Ba3 e4 15. Ne1 b6 16. Bc1 Rd8 17. Rxd8 Rxd8 18. f3 Qg6 19. Bf4 Rd7 20. Qc1 Nd5 21. fxe4 fxe4 22. Rf2 h6 23. c4 Nf6 24. Nc2 Nd4 25. Ne3 Qh5 26. Qe1 Ng4 27. Nxg4 Bxg4 28. h3 Bxh3 29. Bxe4 Bg4 30. Bd5+ Kh8 31. Kf1 Rxd5 0-1

[Event "SLO-chT"]
[Site "Kranj"]
[Date "1999.??.??"]
[Round "?"]
[White "Ivacic, Vladimir"]
[Black "Markun, Bostjan"]
[Result "0-1"]
[WhiteElo "2261"]
[BlackElo "2300"]
[PlyCount "56"]
[EventDate "1999.??.??"]
[EventType "team"]
[EventRounds "7"]
[EventCountry "SLO"]
[SourceTitle "EXT 2002"]
[Source "ChessBase"]
[SourceDate "2001.11.25"]
[SourceVersion "1"]
[SourceVersionDate "2001.11.25"]
[SourceQuality "1"]

1. c4 g6 2. g3 Bg7 3. Bg2 d6 4. Nc3 e5 5. e3 Nc6 6. Nge2 Be6 7. d4 Bd7 8. d5 Nce7 9. e4 Nf6 10. f3 0-0 11. Be3 Ne8 12. Qd2 f5 13. 0-0 Nf6 14. Kh1 h5 15. Bg5 Nh7 16. Be3 h4 17. f4 hxg3 18. Nxg3 g5 19. fxe5 f4 20. exd6 cxd6 21. Bd4 Bxd4 22. Qxd4 fxg3 23. hxg3 Ng6 24. c5 dxc5 25. Qxc5 Qb6 26. Qa3 Ne5 27. Qe7 Qh6+ 28. Kg1 Ng4 0-1

[Event "Bled op-B"]
[Site "Bled"]
[Date "1999.??.??"]
[Round "?"]
[White "Ivacic, Vladimir"]
[Black "Srebrnic, Ana"]
[Result "1/2-1/2"]
[WhiteElo "2261"]
[BlackElo "2118"]
[PlyCount "83"]
[EventDate "1999.??.??"]
[EventType "swiss"]
[EventRounds "9"]
[EventCountry "SLO"]
[SourceTitle "EXT 2000"]
[Source "ChessBase"]
[SourceDate "1999.11.16"]
[SourceVersion "1"]
[SourceVersionDate "1999.11.16"]
[SourceQuality "1"]

1. c4 d6 2. g3 g6 3. Bg2 Bg7 4. Nc3 e5 5. e3 f5 6. d3 Nf6 7. f4 exf4 8. gxf4 0-0 9. Nf3 Nbd7 10. 0-0 a5 11. Rb1 Nc5 12. Qc2 Rb8 13. a3 b6 14. b4 axb4 15. axb4 Ne6 16. Bd2 Bb7 17. Qb3 c5 18. Nd5 Re8 19. Ne1 Nxd5 20. cxd5 Nf8 21. Nc2 Nd7 22. e4 fxe4 23. dxe4 Kh8 24. Bc3 Bxc3 25. Qxc3+ Qf6 26. Qxf6+ Nxf6 27. bxc5 bxc5 28. Rb6 Nxe4 29. Rfb1 Nc3 30. R1b3 Ne2+ 31. Kf2 Nxf4 32. Ne3 Nxg2 33. Nxg2 Re7 34. Kg3 c4 35. Rb1 c3 36. Rxd6 c2 37. Rc1 Rc8 38. Ne1 Bxd5 39. Rxd5 Rxe1 40. Rxe1 c1Q 41. Rxc1 Rxc1 42. Rd7 1/2-1/2

[Event "SLO-ch"]
[Site "Maribor"]
[Date "1998.??.??"]
[Round "13"]
[White "Barle, Janez"]
[Black "Ivacic, Vladimir"]
[Result "1-0"]
[WhiteElo "2415"]
[BlackElo "2295"]
[PlyCount "111"]
[EventDate "1998.??.??"]
[EventType "tourn"]
[EventRounds "13"]
[EventCountry "SLO"]
[EventCategory "6"]
[SourceTitle "EXT 1999"]
[Source "ChessBase"]
[SourceDate "1998.11.16"]
[SourceVersion "1"]
[SourceVersionDate "1998.11.16"]
[SourceQuality "1"]

1. e4 c6 2. d4 d5 3. exd5 cxd5 4. c4 Nf6 5. Nc3 g6 6. cxd5 Bg7 7. Bc4 0-0 8. Nge2 Nbd7 9. Nf4 Nb6 10. Bb3 Bf5 11. 0-0 Nc8 12. Re1 Nd6 13. Qe2 Qb6 14. Rd1 Bd7 15. Nd3 Rad8 16. Ne5 Bb5 17. Qf3 a5 18. h3 Rc8 19. g4 Rfd8 20. Be3 Qa6 21. a4 Be8 22. Bf4 Qb6 23. Ra3 Qb4 24. Qe3 Rc7 25. Qe1 Rdc8 26. Nd3 Qb6 27. Nc5 Qa7 28. Nb5 Bxb5 29. axb5 b6 30. Na6 Rd7 31. Bxd6 Rxd6 32. Nb4 Qd7 33. Nc6 Re8 34. Ba2 Nxd5 35. Rf3 Rf6 36. Qe4 Rxf3 37. Qxf3 e6 38. Re1 Nc7 39. Qd3 Nd5 40. Qf3 Nc7 41. Bc4 Bxd4 42. Rd1 e5 43. Nxe5 Rxe5 44. Rxd4 Qe7 45. Qb7 Qc5 46. Rf4 Re7 47. Qf3 Re1+ 48. Kg2 Ne6 49. Bxe6 fxe6 50. Qa8+ Kg7 51. Qb7+ Kh6 52. Qf7 Qd5+ 53. Rf3 Qe4 54. Qf8+ Kg5 55. Kh2 Rd1 56. h4+ 1-0

[Event "SLO-chT2"]
[Site "Skofja Loka"]
[Date "1998.??.??"]
[Round "?"]
[White "Ivacic, Vladimir"]
[Black "Justin, Matjaz"]
[Result "0-1"]
[WhiteElo "2295"]
[BlackElo "2395"]
[PlyCount "68"]
[EventDate "1998.11.27"]
[EventType "team"]
[EventRounds "7"]
[EventCountry "SLO"]
[SourceTitle "EXT 2001"]
[Source "ChessBase"]
[SourceDate "2000.11.22"]
[SourceVersion "1"]
[SourceVersionDate "2000.11.22"]
[SourceQuality "1"]

1. c4 c5 2. g3 Nf6 3. Bg2 e6 4. Nf3 d5 5. 0-0 Nc6 6. cxd5 exd5 7. d4 Be7 8. Nc3 0-0 9. dxc5 Bxc5 10. Bg5 d4 11. Bxf6 Qxf6 12. Nd5 Qd8 13. Nd2 a5 14. Rc1 Ba7 15. Nf4 Bb8 16. Nd3 Qe7 17. Re1 Rd8 18. Nc4 Ra6 19. a4 Bg4 20. Qd2 h5 21. Na3 h4 22. Nb5 hxg3 23. hxg3 Ne5 24. Nc5 Rh6 25. Nxb7 Re8 26. Qxd4 Qg5 27. N7d6 Qh5 28. Nxe8 Qh2+ 29. Kf1 Bh3 30. e4 Bxg2+ 31. Ke2 Qh5+ 32. f3 Qh2 33. Ke3 Qxg3 34. Rc8 Qxe1+ 0-1

[Event "SLO-ch"]
[Site "Maribor"]
[Date "1998.??.??"]
[Round "8"]
[White "Ivacic, Vladimir"]
[Black "Mazi, Leon"]
[Result "0-1"]
[WhiteElo "2295"]
[BlackElo "2420"]
[PlyCount "60"]
[EventDate "1998.??.??"]
[EventType "tourn"]
[EventRounds "13"]
[EventCountry "SLO"]
[EventCategory "6"]
[SourceTitle "EXT 1999"]
[Source "ChessBase"]
[SourceDate "1998.11.16"]
[SourceVersion "1"]
[SourceVersionDate "1998.11.16"]
[SourceQuality "1"]

1. c4 b6 2. Nf3 Bb7 3. g3 Nf6 4. Bg2 e6 5. 0-0 Be7 6. b3 c5 7. Bb2 0-0 8. Nc3 d6 9. Re1 Nbd7 10. e4 Rc8 11. d4 cxd4 12. Nxd4 Qc7 13. Qe2 Rfe8 14. Rad1 a6 15. f4 Nf8 16. Kh1 N6d7 17. Qf2 Nc5 18. Re2 Bf6 19. b4 Ncd7 20. Ndb5 axb5 21. Nxb5 Qc6 22. Nxd6 Bxb2 23. Rxb2 e5 24. Rbd2 Nf6 25. fxe5 Rxe5 26. Qd4 N8d7 27. Nxc8 Bxc8 28. a4 h5 29. Qc3 Nxe4 30. Rxd7 Qxd7 0-1

[Event "SLO-ch"]
[Site "Maribor"]
[Date "1998.??.??"]
[Round "4"]
[White "Ivacic, Vladimir"]
[Black "Pavasovic, Dusko"]
[Result "0-1"]
[WhiteElo "2295"]
[BlackElo "2505"]
[PlyCount "64"]
[EventDate "1998.??.??"]
[EventType "tourn"]
[EventRounds "13"]
[EventCountry "SLO"]
[EventCategory "6"]
[SourceTitle "EXT 1999"]
[Source "ChessBase"]
[SourceDate "1998.11.16"]
[SourceVersion "1"]
[SourceVersionDate "1998.11.16"]
[SourceQuality "1"]

1. c4 c6 2. Nf3 d5 3. b3 Bg4 4. Ne5 Bh5 5. g4 Bg6 6. Nxg6 hxg6 7. Bg2 dxc4 8. bxc4 e5 9. Bb2 Nd7 10. h3 Ngf6 11. Nc3 Be7 12. d3 Nc5 13. Qd2 a5 14. Rb1 Qc7 15. Qc2 a4 16. Bc1 0-0 17. 0-0 Rfe8 18. Be3 Nfd7 19. Kh1 Bd6 20. Bd2 f5 21. gxf5 gxf5 22. f4 exf4 23. d4 Ne6 24. c5 Bf8 25. Qxf5 Nxd4 26. Qd3 Ne6 27. Qc4 Ne5 28. Qb4 Nxc5 29. Bxf4 Qa5 30. Qb2 Ne6 31. Bxe5 Qxe5 32. Qxb7 Bd6 0-1

[Event "SLO-ch"]
[Site "Maribor"]
[Date "1998.??.??"]
[Round "1"]
[White "Ivacic, Vladimir"]
[Black "Podkriznik, Gregor"]
[Result "1/2-1/2"]
[WhiteElo "2295"]
[BlackElo "2330"]
[PlyCount "77"]
[EventDate "1998.??.??"]
[EventType "tourn"]
[EventRounds "13"]
[EventCountry "SLO"]
[EventCategory "6"]
[SourceTitle "EXT 1999"]
[Source "ChessBase"]
[SourceDate "1998.11.16"]
[SourceVersion "1"]
[SourceVersionDate "1998.11.16"]
[SourceQuality "1"]

1. c4 c6 2. Nf3 d5 3. b3 Bg4 4. Bb2 Nd7 5. e3 Ngf6 6. Be2 e6 7. h3 Bh5 8. Nc3 Bd6 9. d4 0-0 10. 0-0 Re8 11. Qc2 dxc4 12. bxc4 e5 13. d5 Nc5 14. e4 Rc8 15. dxc6 Rxc6 16. Rfe1 Bc7 17. Rad1 Qc8 18. Nd5 Ncxe4 19. Nxe5 Bxe5 20. Bxe5 Bxe2 21. Rxe2 Rxe5 22. Nxf6+ gxf6 23. Rxe4 Rxe4 24. Qxe4 Rxc4 25. Qe7 Rc1 26. Rxc1 Qxc1+ 27. Kh2 Qb2 28. f4 Qxa2 29. Qxb7 Kg7 30. Qd7 Qf2 31. Qg4+ Kf8 32. Qc8+ Kg7 33. Qg4+ Kf8 34. Qc8+ Ke7 35. Qc7+ Ke6 36. Qc8+ Ke7 37. Qc7+ Ke6 38. Qc8+ Kd6 39. Qd8+ 1/2-1/2